| 000 | 01350cab a22002175a 4500 | ||
|---|---|---|---|
| 001 | L144283 | ||
| 008 | 080701e20080705xxkado f s 000 0 eng d | ||
| 035 | _a(Sirsi) u144283 | ||
| 041 | 0 | _aeng | |
| 100 | 1 | _aHadwick, Alex | |
| 245 | 0 | 0 |
_aFocus _bLondon and North Boroughs |
| 260 | _c2008 | ||
| 490 |
_aEstates Gazette _v(826) 5 July 2008, 83-93(7) |
||
| 520 | _aReport finds optimism in the banking sectors that staff levels will either remain the same or increase slightly; with few of those polled expecting a decrease in staff numbers. Of those polled on possible relocations, most said that if they relocated it would be to the West End; with little confidence displayed in Canary Wharf as an area, with fewest saying they would consider relocating to this locale. Discusses the redevelopment of Euston Station and states that there are competing developments in the same area; including the Argent development of University of the Arts London at Kings Cross. Also mentions development in the Borough of Islington, stating that most recent development has been in the residential sector, but that this trend looks likely to change soon. | ||
| 590 | _aKA | ||
| 651 | 4 |
_aEngland and Wales _y1543- |
|
| 690 | _aPROPERTY-COMMERCIAL PROPERTY-COMMERCIAL PROPERTY MARKET | ||
| 700 | 1 | _aMorrison, Adrian | |
| 700 | 1 | _aRobson, Claire | |
| 942 | _n0 | ||
| 999 |
_c80416 _d80416 |
||